书目信息 |
| 题名: |
二十世纪欧美文学史
|
|
| 作者: | 张玉书 主编 | |
| 分册: | 1 | |
| 出版信息: | 北京 北京大学出版社 1995.09 |
|
| 页数: | 416页 | |
| 开本: | 32开 | |
| 丛书名: | ||
| 单 册: | ||
| 中图分类: | I109.5 | |
| 科图分类: | ||
| 主题词: | 文学史--西方国家--现代 | |
| 电子资源: | ||
| ISBN: | 7-301-02685-4 | |
| 000 | 00583nam0 2200193 45 | |
| 001 | 0105160920 | |
| 005 | 20031219104049.7 | |
| 010 | @a7-301-02685-4@dCNY22.50 | |
| 100 | @a20010516d1995 km y0chiy0120 ea | |
| 101 | 0 | @achi |
| 105 | @a z 000yy | |
| 200 | 1 | @a二十世纪欧美文学史@h1@AEr Shi Shi Ji Ou Mei Wen Xue Shi@f张玉书主编@FZhang Yu Shu Zhu Bian |
| 210 | @a北京@c北京大学出版社@d1995.09 | |
| 215 | @a416页@d32开 | |
| 606 | 0 | @a文学史@y西方国家@z现代 |
| 690 | @aI109.5@v4 | |
| 701 | @a张玉书@4主编 | |
| 801 | @aCN@bTSTC@c20010516 | |
| 905 | @a213230@f4@b296987-990@dI109.5@e41:1 | |
| 二十世纪欧美文学史.1/张玉书主编.-北京:北京大学出版社,1995.09 |
| 416页;32开 |
| ISBN 7-301-02685-4:CNY22.50 |
| ● |
| 相关链接 |
|
|
|
|
正题名:二十世纪欧美文学史
索取号:I109.5/41:1
 
预约/预借
| 序号 | 登录号 | 条形码 | 馆藏地/架位号 | 状态 | 备注 |
| 1 | 0296987 | 202969877 | 第二借阅区/ [索取号:I109.5/41:1] | 在馆 | |
| 2 | 0296988 | 202969886 | 第二借阅区/ [索取号:I109.5/41:1] | 在馆 | |
| 3 | 0296989 | 202969895 | 第一样本阅览室/ [索取号:I109.5/41:1] | 在馆 | |
| 4 | 0296990 | 202969902 | 第二借阅区/ [索取号:I109.5/41:1] | 在馆 |